UBT Library

Special edition using Microsoft Office Word 2003 / (Record no. 40)

000 -LEADER
fixed length control field 00617cam a2200217 a 4500
005 - DATE AND TIME OF LATEST TRANSACTION
control field 20131007061558.0
008 - FIXED-LENGTH DATA ELEMENTS--GENERAL INFORMATION
fixed length control field 030618s2004 inua 001 0 eng
041 0# - LANGUAGE CODE
Language code of text/sound track or separate title eng
080 ## - UNIVERSAL DECIMAL CLASSIFICATION NUMBER
Universal Decimal Classification number 004.42
100 1# - Rafti
Rafti Camarda, Bill,
100 1# - Rafti
-- 1956-
245 10 - TITLE STATEMENT
Title Special edition using Microsoft Office Word 2003 /
Statement of responsibility, etc Bill Camarda.
246 30 - VARYING FORM OF TITLE
Title proper/short title Using Microsoft Office Word 2003
260 ## -
-- Indianapolis, Ind. :
-- Que,
-- c2004.
300 ## -
-- xl, 1231 p. ;
-- ill. ;
-- 23 cm. +
500 ## -
-- Includes index.
630 00 -
-- Microsoft Word.
650 #0 -
-- Word processing.
650 #0 -
-- Kompjutera
650 #0 -
-- Softuer
942 ## - ADDED ENTRY ELEMENTS (KOHA)
Source of classification or shelving scheme
Item type Books
Holdings
Withdrawn status Lost status Source of classification or shelving scheme Damaged status Not for loan Collection code Permanent location Current location Shelving location Date acquired Total Checkouts Full call number Barcode Date last seen Price effective from Koha item type
          Koleksioni i përgjithshem UBT - Prishtine UBT - Prishtine Koleksioni i përgjithshem 10/07/2013   004.42 CAM 001-000029 10/07/2013 10/07/2013 Books
UBT Library © 2015-2024. All rights reserved University Education for Business and Technology